Geometry Dash-General Knowledge #5 - Statistics

General Stats
  • This quiz has been taken 186 times
  • The average score is 7 of 12
Answer Stats
Question Answer % Correct
Which creator has the most creator points? ViPriN
87%
What is the main colour for the above level? Red
81%
As of now, which level in the Top 50 Demons List has been beaten the most times? Bloodbath
77%
In update 2.11 there was a new shop added, in which you can buy community-made cubes, ships etc. What is this shop called? Community Market
75%
Recently, a very skilled creator and player has quit the game, having made the levels Retention, Windy Landscape and created a part in the famous extreme demon Phobos. Who was this player? WOOGI1411
71%
Duelo Maestro is a 2-player level made by Nacho21 that uses the song ______ ________ by lchavasse. Lunar Abyss
64%
Ever since Knobbelboy verified Bloodlust, a lot of controversy has occured between Knobbelboy and EndLevel about which level was harder: Bloodlust or ________ Plasma Pulse Finale
62%
Recently, there has been some controversy on the Demons List about a certain "hack" which caused records to be deleted from Sunix, Skullo, Sandstorm and more. What was this "hack" or "exploit" called? FPS Bypass
41%
Gamma is the final instalment in the Lightwave Series, which previously constituted of Infrared, Ultraviolet and X-Ray. Who was the creator of the level? MindCap
40%
ItzDeam used to be the name of a now-famous GD player. Who was he? Sunix
37%
EndLevel, an extremely skilled player has also recently quit the game, but left behind the verification of WoodKid (Jakerz) to whom? BoldStep GD
23%
Who was the first to beat a slightly-nerfed version of Death Corridor by KaotikJumper and others? Metalface221
4%
No matching quizzes found
Score Distribution
Percent of People with Each Score
Percentile by Number Answered
Your Score History
You have not taken this quiz